<?xml version="1.0" encoding="UTF-8"?>
<collection xmlns="http://www.loc.gov/MARC21/slim">
    <record>
        <controlfield tag="001">75803</controlfield>
        <controlfield tag="005">20191212102141.0</controlfield>
        <datafield tag="024" ind1="8" ind2=" ">
            <subfield code="2">sideral</subfield>
            <subfield code="a">108476</subfield>
        </datafield>
        <datafield tag="037" ind1=" " ind2=" ">
            <subfield code="a">ART-2018-108476</subfield>
        </datafield>
        <datafield tag="041" ind1=" " ind2=" ">
            <subfield code="a">spa</subfield>
        </datafield>
        <datafield tag="100" ind1=" " ind2=" ">
            <subfield code="0">(orcid)0000-0002-7865-3429</subfield>
            <subfield code="a">Lopez Bueno, R.</subfield>
        </datafield>
        <datafield tag="245" ind1=" " ind2=" ">
            <subfield code="a">La actividad física como herramienta para reducir el absentismo laboral debido a enfermedad en trabajadores sedentarios. Una revisión sistemática</subfield>
        </datafield>
        <datafield tag="260" ind1=" " ind2=" ">
            <subfield code="c">2018</subfield>
        </datafield>
        <datafield tag="506" ind1="0" ind2=" ">
            <subfield code="a">Access copy available to the general public</subfield>
            <subfield code="f">Unrestricted</subfield>
        </datafield>
        <datafield tag="520" ind1="3" ind2=" ">
            <subfield code="a">Fundamentos: 
Se ha sugerido que los programas de actividad física  (AF) podrían reducir el absentismo laboral por motivos de enfermedad  en trabajadores sedentarios. Esta revisión tuvo como objetivo examinar la  evidencia científica disponible para estudiar los efectos de la AF sobre el  absentismo laboral teniendo en consideración el diseño del programa de AF.
Métodos: 
Se realizó una búsqueda bibliográfica en 4 bases de datos  (Medline,  Sportdiscus,  Web of Science y Embase) de ensayos clínicos y  estudios observacionales publicados sobre AF y absentismo laboral, en inglés y en español,  desde el inicio de indización hasta diciembre de 2017,  utilizando la metodología PRISMA.
Resultados: 
Un total de 10 estudios publicados cumplieron con los criterios de elegibilidad establecidos. Las evidencias encontradas en la revisión sugieren que la AF es efectiva como medida para reducir el absentismo laboral por motivos de enfermedad. En general, los estudios señalaron que se observan mayores probabilidades de ausentarse del trabajo en trabajadores sedentarios que en los físicamente activos. 
Conclusiones: 
La AF en general parece disminuir el absentismo laboral. En concreto, la AF vigorosa podría obtener mejores resultados que la realizada a intensidad moderada, aunque faltan estudios de intervención más rigurosos y específicos, con un mayor control sobre las variables de intervención.

Background: Physical Activity (PA) programs have been suggested to lower absenteeism due to illness in sedentary employees. The aim of this review was to examine available scientific literature in order to study PA effects in workplace absenteeism taking the program design into consideration. Methods: A search through 4 databases (Medline, Sportdiscus, Web of Science and Embase), from inception to December 2017, was conducted to identify control intervention and observational studies about PA and absenteeism published in either English or Spanish language using PRISMA procedures. Results: A total of 10 published studies between 1981 and 2017 met the inclusion criteria. Evidence from the review suggested that PA is effective in reducing illness-related absence. Likelihood of being off from workplace reported with sedentary workers reach more probabilities when compared with exercisers. Conclusions: General PA is considered paramount in order to lower employees'' absenteeism, which could be more related to vigorous training. However, there is a lack of rigorous and more specific studies about the issue. More focused on PA effect on absenteeism, adjusted by intervention variables, research would be desirable.</subfield>
        </datafield>
        <datafield tag="540" ind1=" " ind2=" ">
            <subfield code="9">info:eu-repo/semantics/openAccess</subfield>
            <subfield code="a">by-nc-nd</subfield>
            <subfield code="u">http://creativecommons.org/licenses/by-nc-nd/3.0/es/</subfield>
        </datafield>
        <datafield tag="590" ind1=" " ind2=" ">
            <subfield code="a">0.635</subfield>
            <subfield code="b">2018</subfield>
        </datafield>
        <datafield tag="591" ind1=" " ind2=" ">
            <subfield code="a">PUBLIC, ENVIRONMENTAL &amp; OCCUPATIONAL HEALTH</subfield>
            <subfield code="b">154 / 162 = 0.951</subfield>
            <subfield code="c">2018</subfield>
            <subfield code="d">Q4</subfield>
            <subfield code="e">T3</subfield>
        </datafield>
        <datafield tag="592" ind1=" " ind2=" ">
            <subfield code="a">0.238</subfield>
            <subfield code="b">2018</subfield>
        </datafield>
        <datafield tag="593" ind1=" " ind2=" ">
            <subfield code="a">Public Health, Environmental and Occupational Health</subfield>
            <subfield code="c">2018</subfield>
            <subfield code="d">Q3</subfield>
        </datafield>
        <datafield tag="593" ind1=" " ind2=" ">
            <subfield code="a">Medicine (miscellaneous)</subfield>
            <subfield code="c">2018</subfield>
            <subfield code="d">Q3</subfield>
        </datafield>
        <datafield tag="655" ind1=" " ind2="4">
            <subfield code="a">info:eu-repo/semantics/article</subfield>
            <subfield code="v">info:eu-repo/semantics/publishedVersion</subfield>
        </datafield>
        <datafield tag="700" ind1=" " ind2=" ">
            <subfield code="0">(orcid)0000-0002-7215-6931</subfield>
            <subfield code="a">Casajus Mallen, J.A.</subfield>
            <subfield code="u">Universidad de Zaragoza</subfield>
        </datafield>
        <datafield tag="700" ind1=" " ind2=" ">
            <subfield code="0">(orcid)0000-0001-8374-9081</subfield>
            <subfield code="a">Garatachea Vallejo, N.</subfield>
            <subfield code="u">Universidad de Zaragoza</subfield>
        </datafield>
        <datafield tag="710" ind1="2" ind2=" ">
            <subfield code="1">1006</subfield>
            <subfield code="2">245</subfield>
            <subfield code="a">Universidad de Zaragoza</subfield>
            <subfield code="b">Dpto. Fisiatría y Enfermería</subfield>
            <subfield code="c">Área Educación Física y Depor.</subfield>
        </datafield>
        <datafield tag="773" ind1=" " ind2=" ">
            <subfield code="g">92, 1 (2018), e1-e11</subfield>
            <subfield code="p">Rev. esp. salud pública</subfield>
            <subfield code="t">Revista española de salud pública</subfield>
            <subfield code="x">1135-5727</subfield>
        </datafield>
        <datafield tag="856" ind1="4" ind2="1">
            <subfield code="u">http://www.mscbs.gob.es/biblioPublic/publicaciones/recursos_propios/resp/revista_cdrom/VOL92/REVISIONES/RS92C_201810071.pdf</subfield>
            <subfield code="z">Texto completo de la revista</subfield>
        </datafield>
        <datafield tag="856" ind1="4" ind2=" ">
            <subfield code="s">147477</subfield>
            <subfield code="u">http://zaguan.unizar.es/record/75803/files/texto_completo.pdf</subfield>
            <subfield code="y">Versión publicada</subfield>
        </datafield>
        <datafield tag="856" ind1="4" ind2=" ">
            <subfield code="s">60647</subfield>
            <subfield code="u">http://zaguan.unizar.es/record/75803/files/texto_completo.jpg?subformat=icon</subfield>
            <subfield code="x">icon</subfield>
            <subfield code="y">Versión publicada</subfield>
        </datafield>
        <datafield tag="909" ind1="C" ind2="O">
            <subfield code="o">oai:zaguan.unizar.es:75803</subfield>
            <subfield code="p">articulos</subfield>
            <subfield code="p">driver</subfield>
        </datafield>
        <datafield tag="951" ind1=" " ind2=" ">
            <subfield code="a">2019-12-12-10:12:42</subfield>
        </datafield>
        <datafield tag="980" ind1=" " ind2=" ">
            <subfield code="a">ARTICLE</subfield>
        </datafield>
    </record>

    
</collection>